| 000 | 00777 a2200229 4500 | ||
|---|---|---|---|
| 502 | _aThèse d'exercice | ||
| 653 | 1 | _aSciences agronomiques | |
| 100 | _aAlidou, Moussiliou | ||
| 245 | _aEtude des contraintes technologiques dans l'utilisation des légumineuses vivrières au Bénin : cas de la lentille de terre (macrotyloma geocarpe harmo) et du niébé (vigna unguiculata l. walp) | ||
| 300 | _aXX-114 p. | ||
| 650 | _aLEGUMINEUSE A GRAINS | ||
| 650 | _aNIEBE | ||
| 650 | _aLENTILLE | ||
| 650 | _aTECHNIQUE DE CULTURE | ||
| 130 | _lFr | ||
| 710 | _aAbomey-Calavi, Université nationale du Bénin, Faculté des Sciences Agronomiques, BJ | ||
| 041 | _bFr | ||
| 041 | _bEn | ||
| 653 | 1 | _aNutrition et sciences agro-alimentaires | |
| 651 | _aBENIN | ||
| 999 |
_c30109 _d30109 |
||